LEADER 01576nam 2200433 450 001 9910480848303321 010 $a0-309-46341-6 035 $a(CKB)3790000000548331 035 $a(MiAaPQ)EBC5151539 035 $a(EXLCZ)993790000000548331 100 $a20171218h20172017 uy 0 101 0 $aeng 135 $aurcnu|||||||| 181 $2rdacontent 182 $2rdamedia 183 $2rdacarrier 200 00$aFacilitating health communication with immigrant, refugee, and migrant populations through the use of health literacy and community engagement strategies $eproceedings of a workshop /$fJoe Alper, rapporteur 210 1$aWashington, District of Columbia :$cNational Academies Press,$d2017. 210 4$dİ2017 215 $a1 online resource (86 pages) $cillustrations 311 $a0-309-46340-8 606 $aCommunication in medicine 606 $aMedicine$xTranslating 606 $aHealth facilities$xTranslating services 606 $aTranscultural medical care 608 $aElectronic books. 615 0$aCommunication in medicine. 615 0$aMedicine$xTranslating. 615 0$aHealth facilities$xTranslating services. 615 0$aTranscultural medical care. 676 $a610.696 702 $aAlper$b Joe 801 0$bMiAaPQ 801 1$bMiAaPQ 801 2$bMiAaPQ 906 $aBOOK 912 $a9910480848303321 996 $aFacilitating health communication with immigrant, refugee, and migrant populations through the use of health literacy and community engagement strategies$92035983 997 $aUNINA